Business and revolution in land use planning

Bibliographic Details
Main Author: Haar, Charles M.
Other Authors: Lindsay, Jonathan M.
Format: Book
Published: Massachusetts : Lincoln Institute of Land Policy , 1987
Subjects:

MARC

LEADER 00000cam a2200000 7i4500
001 0000002303
005 20200817.0
040 |a INS 
090 0 0 |a HD205   |b H11 1987 
100 1 |a Haar, Charles M. 
245 1 0 |a Business and revolution in land use planning   |c Charles M. Haar and Jonathan M. Lindsay 
260 |a Massachusetts :   |b Lincoln Institute of Land Policy ,   |c 1987 
300 |a 14 p ;   |c 23 cm. 
650 0 0 |a Land use-planning 
700 1 |a Lindsay, Jonathan M. 
999 |a 0000003870   |b BOOK   |c Open Shelf   |e Default branch